[Event "Rakovnik Regional-chT 1415"]
[Site "Rakovnik"]
[Date "2014.10.19"]
[Round "1.5"]
[White "Kolasin, Jan"]
[Black "Seifert, Milan"]
[Result "0-1"]
[WhiteElo "2011"]
[BlackElo "2063"]
[PlyCount "112"]
[EventDate "2014.10.19"]
[EventType "team-tourn"]
[EventRounds "11"]
[EventCountry "CZE"]
[SourceTitle "EXT 2016"]
[Source "ChessBase"]
[SourceDate "2015.10.08"]
[SourceVersion "1"]
[SourceVersionDate "2015.10.08"]
[SourceQuality "1"]
[WhiteTeam "Ricany II"]
[BlackTeam "Nymburk Sokol"]
[WhiteTeamCountry "CZE"]
[BlackTeamCountry "CZE"]

1. e4 g6 2. d4 Bg7 3. Nc3 d6 4. Be3 Nf6 5. f3 0-0 6. Qd2 e5 7. d5 c6 8. 0-0-0 Qa5 9. dxc6 Nxc6 10. Bc4 Rd8 11. Bg5 Be6 12. Bxe6 fxe6 13. Kb1 Rac8 14. h4 Nd4 15. Nge2 Rd7 16. Bxf6 Bxf6 17. Nxd4 exd4 18. Nd5 Qxd2 19. Nxf6+ Kf7 20. Rxd2 Kxf6 21. Rxd4 Rc5 22. Rhd1 Ke7 23. c3 h6 24. Kc2 Rd8 25. g4 h5 26. b4 Rc6 27. gxh5 gxh5 28. e5 d5 29. Rg1 Rdc8 30. Rd3 Kf7 31. Rg5 d4 32. Rxd4 Rxc3+ 33. Kd2 Rc2+ 34. Ke3 R8c3+ 35. Ke4 Re2+ 36. Kf4 Ree3 37. Rg3 Red3 38. Rxd3 Rxd3 39. Kg5 Re3 40. Kxh5 Rxe5+ 41. Rg5 Re2 42. a4 Rb2 43. Rg4 Kf6 44. Kh6 e5 45. h5 Rb3 46. Rg6+ Kf7 47. Rg7+ Kf6 48. Rxb7 Rxf3 49. Rxa7 e4 50. Ra6+ Kf7 51. Rg6 e3 52. Rg2 Rf2 53. Rg3 Rf6+ 54. Kh7 e2 55. Rg7+ Ke6 56. Rg8 Rf7+ 0-1

[Event "Oberwart op-A 34th"]
[Site "Oberwart"]
[Date "2012.07.14"]
[Round "8"]
[White "Seifert, Milan"]
[Black "Mostbauer, Maximilian"]
[Result "1/2-1/2"]
[WhiteElo "2159"]
[BlackElo "1952"]
[PlyCount "21"]
[EventDate "2012.07.07"]
[EventType "swiss"]
[EventRounds "9"]
[EventCountry "AUT"]
[SourceTitle "CBM 149 Extra"]
[Source "ChessBase"]
[SourceDate "2012.08.24"]
[SourceVersion "1"]
[SourceVersionDate "2012.08.24"]
[SourceQuality "1"]

1. Nf3 Nf6 2. g3 d5 3. Bg2 c6 4. d3 Bf5 5. 0-0 e6 6. b3 Be7 7. Bb2 0-0 8. Nbd2 h6 9. Re1 Nbd7 10. e4 dxe4 11. dxe4 1/2-1/2

[Event "Oberwart op"]
[Site "Oberwart"]
[Date "2011.07.16"]
[Round "8"]
[White "Seifert, Milan"]
[Black "Makk, Robert"]
[Result "0-1"]
[WhiteElo "2153"]
[BlackElo "2246"]
[PlyCount "74"]
[EventDate "2011.07.09"]
[EventType "swiss"]
[EventRounds "9"]
[EventCountry "AUT"]
[SourceTitle "CBM 143 Extra"]
[Source "ChessBase"]
[SourceDate "2011.08.29"]
[SourceVersion "1"]
[SourceVersionDate "2011.08.29"]
[SourceQuality "1"]

1. Nf3 d5 2. g3 Nf6 3. Bg2 c6 4. d3 Bf5 5. 0-0 e6 6. b3 h6 7. Bb2 Nbd7 8. Nbd2 Bh7 9. c4 dxc4 10. bxc4 Bd6 11. a4 0-0 12. Bc3 e5 13. e4 Re8 14. Nb3 Qc7 15. Nh4 Rad8 16. Qf3 Nc5 17. Nxc5 Bxc5 18. Rad1 Bd4 19. Bd2 Nd7 20. Kh1 Nc5 21. Nf5 Bxf5 22. exf5 Qd6 23. f6 Qxf6 24. Qxf6 gxf6 25. Bxh6 Nxa4 26. Be3 Nc5 27. Rfe1 Rd6 28. Bh3 Red8 29. Bf5 Bxe3 30. Rxe3 a5 31. h3 a4 32. Kg2 Nb3 33. Rb1 Ra8 34. Ree1 Nd4 35. Bg4 a3 36. Bd1 a2 37. Ra1 b5 0-1

[Event "Oberwart op"]
[Site "Oberwart"]
[Date "2011.07.14"]
[Round "6"]
[White "Seifert, Milan"]
[Black "Novkovic, Julia"]
[Result "1-0"]
[WhiteElo "2153"]
[BlackElo "2066"]
[PlyCount "101"]
[EventDate "2011.07.09"]
[EventType "swiss"]
[EventRounds "9"]
[EventCountry "AUT"]
[SourceTitle "CBM 143 Extra"]
[Source "ChessBase"]
[SourceDate "2011.08.29"]
[SourceVersion "1"]
[SourceVersionDate "2011.08.29"]
[SourceQuality "1"]

1. Nf3 Nf6 2. g3 g6 3. Bg2 Bg7 4. d3 c5 5. e4 Nc6 6. 0-0 0-0 7. Nc3 d5 8. h3 d4 9. Ne2 Ne8 10. Nh4 Nc7 11. f4 b5 12. f5 e6 13. fxg6 hxg6 14. Nf3 e5 15. Bg5 Qd6 16. Nh4 Nd8 17. Qd2 Kh7 18. Qe1 c4 19. g4 Nde6 20. Nf3 f6 21. Bd2 Na6 22. g5 Qe7 23. h4 cxd3 24. cxd3 Nac5 25. Bb4 a5 26. Bxc5 Nxc5 27. Qd2 Be6 28. Ng3 Rh8 29. Rf2 Kg8 30. b3 b4 31. Rc1 Nb7 32. Qe1 Nd6 33. Qf1 fxg5 34. hxg5 Nb5 35. Rc6 Nc3 36. Nd2 Qd7 37. Nf5 gxf5 38. Rxe6 f4 39. Bh3 Qf7 40. g6 Qc7 41. Nc4 a4 42. bxa4 Nxa4 43. Rh2 Nc5 44. Nb6 Rd8 45. Nd5 Qa7 46. Ne7+ Kf8 47. Nc6 Qc7 48. Nxd8 Qxd8 49. Rc6 Nd7 50. Qe1 Rxh3 51. Qxb4+ 1-0

[Event "Oberwart op"]
[Site "Oberwart"]
[Date "2011.07.13"]
[Round "5"]
[White "Meglitsch, Konstantin"]
[Black "Seifert, Milan"]
[Result "1/2-1/2"]
[WhiteElo "2068"]
[BlackElo "2153"]
[PlyCount "37"]
[EventDate "2011.07.09"]
[EventType "swiss"]
[EventRounds "9"]
[EventCountry "AUT"]
[SourceTitle "CBM 143 Extra"]
[Source "ChessBase"]
[SourceDate "2011.08.29"]
[SourceVersion "1"]
[SourceVersionDate "2011.08.29"]
[SourceQuality "1"]

1. e4 g6 2. d4 Bg7 3. Nc3 d6 4. f4 Nc6 5. Be3 Nf6 6. Nf3 0-0 7. Be2 Ng4 8. Bg1 e5 9. d5 Nb8 10. h3 Nf6 11. fxe5 dxe5 12. Be3 Nh5 13. 0-0 Ng3 14. Rf2 Nxe2+ 15. Qxe2 b6 16. Qd2 f5 17. Bg5 Bf6 18. Bxf6 Qxf6 19. Nb5 1/2-1/2

[Event "Oberwart op"]
[Site "Oberwart"]
[Date "2011.07.12"]
[Round "4"]
[White "Seifert, Milan"]
[Black "Schneider Zinner, Harald"]
[Result "0-1"]
[WhiteElo "2153"]
[BlackElo "2346"]
[PlyCount "81"]
[EventDate "2011.07.09"]
[EventType "swiss"]
[EventRounds "9"]
[EventCountry "AUT"]
[SourceTitle "CBM 143 Extra"]
[Source "ChessBase"]
[SourceDate "2011.08.29"]
[SourceVersion "1"]
[SourceVersionDate "2011.08.29"]
[SourceQuality "1"]

1. Nf3 d5 2. g3 c6 3. d3 Nf6 4. Bg2 Bf5 5. b3 e6 6. 0-0 h6 7. Bb2 Be7 8. Nbd2 0-0 9. Re1 a5 10. a3 c5 11. e4 Bh7 12. Ne5 Nbd7 13. Nxd7 Qxd7 14. e5 Ne8 15. Qe2 a4 16. c4 Nc7 17. Rac1 b5 18. cxd5 exd5 19. f4 axb3 20. Nxb3 Ne6 21. Rcd1 Rab8 22. Rf1 b4 23. a4 Nc7 24. Ra1 Na6 25. Rfd1 Bf5 26. Bf3 Be6 27. g4 f5 28. exf6 Bxf6 29. Bxf6 Rxf6 30. f5 Bf7 31. Qf2 Rc8 32. h3 Qd6 33. Kg2 g6 34. fxg6 Bxg6 35. Qg3 Qxg3+ 36. Kxg3 Bf7 37. Rac1 c4 38. d4 Re8 39. Na5 Re3 40. Rf1 Bg6 41. Kg2 0-1

[Event "Oberwart op"]
[Site "Oberwart"]
[Date "2010.07.18"]
[Round "9"]
[White "Posch, Roland"]
[Black "Seifert, Milan"]
[Result "1/2-1/2"]
[WhiteElo "2112"]
[BlackElo "2172"]
[PlyCount "26"]
[EventDate "2010.07.10"]
[EventType "swiss"]
[EventRounds "9"]
[EventCountry "AUT"]
[SourceTitle "CBM 137 Extra"]
[Source "ChessBase"]
[SourceDate "2010.09.01"]
[SourceVersion "1"]
[SourceVersionDate "2010.09.01"]
[SourceQuality "1"]

1. e4 g6 2. d4 Bg7 3. Nf3 d6 4. c3 Nf6 5. Bd3 0-0 6. 0-0 Nc6 7. Nbd2 e5 8. dxe5 dxe5 9. Qe2 Nh5 10. Nb3 Nf4 11. Bxf4 exf4 12. Rad1 Qe7 13. Bc4 g5 1/2-1/2

[Event "Graz op"]
[Site "Graz"]
[Date "2007.09.01"]
[Round "1"]
[White "Rabiega, Robert"]
[Black "Seifert, Milan"]
[Result "1/2-1/2"]
[WhiteElo "2532"]
[BlackElo "2148"]
[PlyCount "39"]
[EventDate "2007.09.01"]
[EventType "swiss"]
[EventRounds "9"]
[EventCountry "AUT"]
[SourceTitle "EXT 2009"]
[Source "ChessBase"]
[SourceDate "2008.11.26"]
[SourceVersion "1"]
[SourceVersionDate "2008.11.26"]
[SourceQuality "1"]

1. e4 g6 2. d4 Bg7 3. c3 d6 4. Nf3 Nf6 5. Bd3 0-0 6. 0-0 Nc6 7. Na3 e5 8. Nc2 Nh5 9. Re1 Bg4 10. Be2 Nf4 11. Bxf4 exf4 12. Qd2 g5 13. h3 Bh5 14. Rad1 Bg6 15. d5 Ne5 16. Nxe5 Bxe5 17. Bg4 h5 18. Bf3 Kg7 19. Nd4 Rh8 20. Qd3 1/2-1/2

[Event "Oberwart op"]
[Site "Oberwart"]
[Date "2001.??.??"]
[Round "7"]
[White "Danner, Georg"]
[Black "Seifert, Milan"]
[Result "1-0"]
[WhiteElo "2453"]
[BlackElo "2200"]
[PlyCount "41"]
[EventDate "2001.??.??"]
[EventType "swiss"]
[EventRounds "9"]
[EventCountry "AUT"]
[SourceTitle "EXT 2002"]
[Source "ChessBase"]
[SourceDate "2001.11.25"]
[SourceVersion "1"]
[SourceVersionDate "2001.11.25"]
[SourceQuality "1"]

1. d4 g6 2. c4 Bg7 3. Nc3 d6 4. e4 Nf6 5. Be2 0-0 6. Nf3 e5 7. d5 Ne8 8. g3 f5 9. exf5 gxf5 10. Nh4 Nd7 11. f4 a5 12. 0-0 Nc5 13. Be3 b6 14. Qd2 Ne4 15. Nxe4 fxe4 16. fxe5 Rxf1+ 17. Rxf1 Bxe5 18. Bd4 Qe7 19. Bh5 Nf6 20. Bxe5 Qxe5 21. Qh6 1-0

[Event "Oberwart op"]
[Site "Oberwart"]
[Date "2001.??.??"]
[Round "1"]
[White "Weiss, Christian"]
[Black "Seifert, Milan"]
[Result "1-0"]
[WhiteElo "2372"]
[BlackElo "2200"]
[PlyCount "57"]
[EventDate "2001.??.??"]
[EventType "swiss"]
[EventRounds "9"]
[EventCountry "AUT"]
[SourceTitle "EXT 2002"]
[Source "ChessBase"]
[SourceDate "2001.11.25"]
[SourceVersion "1"]
[SourceVersionDate "2001.11.25"]
[SourceQuality "1"]

1. c4 Nf6 2. Nf3 d6 3. d4 g6 4. Nc3 Bg7 5. g3 0-0 6. Bg2 Nbd7 7. 0-0 c6 8. e4 e5 9. h3 Qe7 10. Re1 Re8 11. Be3 b6 12. Qc2 Qf8 13. Rad1 Nh5 14. Qa4 exd4 15. Nxd4 Nc5 16. Qc2 Bb7 17. g4 Nf6 18. f4 Nfd7 19. Qd2 a5 20. Nde2 f5 21. exf5 gxf5 22. Ng3 fxg4 23. hxg4 Nf6 24. Bf3 Rad8 25. g5 Nfd7 26. Kg2 Ne5 27. fxe5 dxe5 28. Qc2 Ne6 29. Rh1 1-0

[Event "Oberwart op"]
[Site "Oberwart"]
[Date "1998.08.02"]
[Round "9"]
[White "Seifert, Milan"]
[Black "Huber, Wolfgang"]
[Result "1-0"]
[WhiteElo "2240"]
[BlackElo "2100"]
[PlyCount "57"]
[EventDate "1998.07.25"]
[EventType "swiss"]
[EventRounds "9"]
[EventCountry "AUT"]
[SourceTitle "CBM 065 Extra"]
[Source "ChessBase"]
[SourceDate "1998.09.09"]
[SourceVersion "1"]
[SourceVersionDate "1998.09.09"]
[SourceQuality "1"]

1. e4 c6 2. d3 d5 3. Nd2 g6 4. Ngf3 Bg7 5. g3 Nf6 6. Bg2 0-0 7. 0-0 dxe4 8. dxe4 Bg4 9. h3 Bxf3 10. Qxf3 Nfd7 11. Qe2 e5 12. Nc4 Nb6 13. Rd1 Qc7 14. b3 Nxc4 15. Qxc4 Na6 16. Bg5 h6 17. Be3 Rfd8 18. Bf1 Rac8 19. Qa4 c5 20. Bxa6 bxa6 21. Qxa6 Kh7 22. Rd5 Rxd5 23. exd5 Qd7 24. Kh2 f5 25. Rd1 g5 26. Qe6 Qxe6 27. dxe6 f4 28. Bxc5 fxg3+ 29. fxg3 1-0

[Event "Oberwart op"]
[Site "Oberwart"]
[Date "1996.??.??"]
[Round "6"]
[White "Medvegy, Nora"]
[Black "Seifert, Milan"]
[Result "1/2-1/2"]
[WhiteElo "2295"]
[BlackElo "2255"]
[PlyCount "92"]
[EventDate "1996.07.??"]
[EventType "swiss"]
[EventRounds "9"]
[EventCountry "AUT"]
[SourceTitle "CBM 053 Extra"]
[Source "ChessBase"]
[SourceDate "1996.09.01"]
[SourceVersion "1"]
[SourceVersionDate "1996.09.01"]
[SourceQuality "1"]

1. e4 g6 2. d4 Bg7 3. Nc3 d6 4. Bc4 Nc6 5. Nf3 Nf6 6. h3 0-0 7. Qe2 Nd7 8. Be3 e5 9. Rd1 exd4 10. Nxd4 Nce5 11. Bb3 Nc5 12. 0-0 Nxb3 13. axb3 Nc6 14. Nxc6 bxc6 15. f4 Re8 16. Qc4 Bd7 17. Rf3 Qe7 18. Bd4 Qe6 19. Qd3 Bxd4+ 20. Qxd4 Bc8 21. f5 Qe5 22. Qf2 g5 23. Rg3 f6 24. h4 h6 25. Qf3 Re7 26. Rh3 Rg7 27. hxg5 hxg5 28. Qg4 Bb7 29. Rh6 Kf7 30. Rd3 Rag8 31. Rdh3 Ke7 32. Rh7 Kd7 33. R3h6 Rxh7 34. Rxh7+ Kc8 35. Qh5 Kb8 36. Rxc7 Kxc7 37. Qf7+ Kb6 38. Qxg8 Qg3 39. Na4+ Kc7 40. Qf7+ Kb8 41. Qg8+ Bc8 42. Qc4 Qe1+ 43. Kh2 Qh4+ 44. Kg1 Qe1+ 45. Kh2 Qh4+ 46. Kg1 Qe1+ 1/2-1/2

[Event "Oberwart op"]
[Site "Oberwart"]
[Date "1996.??.??"]
[Round "5"]
[White "Seifert, Milan"]
[Black "Korn, Andreas"]
[Result "1/2-1/2"]
[WhiteElo "2255"]
[BlackElo "1850"]
[PlyCount "43"]
[EventDate "1996.07.??"]
[EventType "swiss"]
[EventRounds "9"]
[EventCountry "AUT"]
[SourceTitle "CBM 053 Extra"]
[Source "ChessBase"]
[SourceDate "1996.09.01"]
[SourceVersion "1"]
[SourceVersionDate "1996.09.01"]
[SourceQuality "1"]

1. e4 e5 2. Nf3 Nc6 3. Bc4 Bc5 4. d3 Nf6 5. c3 d6 6. h3 0-0 7. 0-0 a6 8. Bb3 d5 9. Qe2 dxe4 10. dxe4 Be6 11. Bg5 Bxb3 12. axb3 h6 13. Bh4 Qe7 14. b4 Bb6 15. Nbd2 Rad8 16. Nc4 Ba7 17. Ne3 Bxe3 18. Qxe3 Qe6 19. Rad1 Rd6 20. Rxd6 Qxd6 21. Bxf6 Qxf6 22. Rd1 1/2-1/2

[Event "CZE-chT 9495"]
[Site "Czech Republic"]
[Date "1995.02.12"]
[Round "8"]
[White "Cesal, Jaroslav"]
[Black "Seifert, Milan"]
[Result "1-0"]
[WhiteElo "2320"]
[BlackElo "2265"]
[PlyCount "54"]
[EventDate "1994.10.15"]
[EventType "team-tourn"]
[EventRounds "9"]
[EventCountry "CZE"]
[SourceTitle "EXT 2019"]
[Source "ChessBase"]
[SourceDate "2018.10.10"]
[SourceVersion "1"]
[SourceVersionDate "2018.10.10"]
[SourceQuality "1"]
[WhiteTeam "Plzen"]
[BlackTeam "Kolin SK Sokol"]
[WhiteTeamCountry "CZE"]
[BlackTeamCountry "CZE"]

1. d4 g6 2. Nf3 Bg7 3. g3 Nf6 4. Bg2 d6 5. 0-0 Bg4 6. h3 Bd7 7. Nc3 Qc8 8. Kh2 0-0 9. e4 Nc6 10. Re1 e5 11. Be3 a6 12. dxe5 dxe5 13. Qe2 b5 14. Bc5 Re8 15. Rad1 Be6 16. Nd5 Nd7 17. Be3 Nd4 18. Bxd4 exd4 19. Qd2 c5 20. b4 Rb8 21. Qg5 Bxd5 22. Qxd5 Nf6 23. Qxc5 Qxc5 24. bxc5 Nxe4 25. Nxd4 Nxf2 26. Rxe8+ Rxe8 27. Rd2 Ne4 1-0

[Event "CZE-chT2"]
[Site "Czech Republic"]
[Date "1995.??.??"]
[Round "?"]
[White "Hosticka, Frantisek"]
[Black "Seifert, Milan"]
[Result "1-0"]
[WhiteElo "2265"]
[BlackElo "2265"]
[PlyCount "91"]
[EventDate "1995.??.??"]
[EventType "team"]
[EventRounds "11"]
[EventCountry "CZE"]
[SourceTitle "EXT 1997"]
[Source "ChessBase"]
[SourceDate "1996.11.15"]
[SourceVersion "1"]
[SourceVersionDate "1996.11.15"]
[SourceQuality "1"]

1. e4 g6 2. d4 Bg7 3. c3 d6 4. f4 Nf6 5. Bd3 0-0 6. Nf3 c5 7. dxc5 dxc5 8. e5 Nd5 9. Be4 e6 10. Na3 Nc6 11. 0-0 a6 12. Nc4 b5 13. Nd6 Nce7 14. Qe2 Nf5 15. Bxf5 gxf5 16. a4 Bd7 17. axb5 axb5 18. Rxa8 Qxa8 19. Qf2 Qc6 20. Be3 Nxe3 21. Qxe3 Ra8 22. h3 Ra2 23. Rf2 Ra1+ 24. Kh2 Rd1 25. Qe2 Rd5 26. Nxb5 Qxb5 27. c4 Qa4 28. cxd5 exd5 29. Ng5 h6 30. e6 fxe6 31. Nxe6 Qe4 32. Nxc5 Qxe2 33. Rxe2 Bb5 34. Rd2 Bc6 35. Ne6 Bf6 36. Nd4 Bd7 37. b4 Kf7 38. b5 Ke7 39. Nf3 Kd6 40. b6 Bc6 41. Kg3 Kc5 42. Ne5 Kxb6 43. Rb2+ Ka6 44. Nxc6 Bxb2 45. Nb4+ Kb5 46. Nxd5 1-0

[Event "Oberwart op"]
[Site "Oberwart"]
[Date "1995.??.??"]
[Round "8"]
[White "Rogulj, Branko"]
[Black "Seifert, Milan"]
[Result "1/2-1/2"]
[WhiteElo "2425"]
[BlackElo "2265"]
[PlyCount "94"]
[EventDate "1995.07.??"]
[EventType "swiss"]
[EventRounds "9"]
[EventCountry "AUT"]
[SourceTitle "EXT 2001"]
[Source "ChessBase"]
[SourceDate "2000.11.22"]
[SourceVersion "1"]
[SourceVersionDate "2000.11.22"]
[SourceQuality "1"]

1. e4 g6 2. d4 Bg7 3. Nc3 d6 4. f4 Nc6 5. Be3 Nf6 6. h3 0-0 7. g4 e5 8. dxe5 dxe5 9. f5 gxf5 10. exf5 Nd4 11. Bg2 c6 12. Nge2 Nd5 13. Nxd5 cxd5 14. Ng3 Qb6 15. 0-0 Qxb2 16. f6 Bh8 17. Bxd5 Rd8 18. Bxd4 exd4 19. c4 d3 20. Qxd3 Bxf6 21. Qf3 Bd4+ 22. Kh1 Be6 23. Rab1 Qc3 24. Rxb7 Rxd5 25. cxd5 Qxf3+ 26. Rxf3 Bxd5 27. Rbb3 Rc8 28. Nf5 Bxf3+ 29. Rxf3 Rc1+ 30. Kg2 Rc2+ 31. Kf1 Bc5 32. a4 a5 33. Rf4 f6 34. h4 Kf7 35. Re4 h5 36. Ke1 hxg4 37. Rxg4 Rh2 38. Rc4 Bb4+ 39. Kf1 Kg6 40. Ng3 Ra2 41. Rg4+ Kf7 42. h5 Bd2 43. Rc4 Bg5 44. Ne4 Kg7 45. Ng3 Kh6 46. Rd4 Bc1 47. Rg4 Bg5 1/2-1/2

[Event "CZE-chT2"]
[Site "Czech Republic"]
[Date "1995.??.??"]
[Round "?"]
[White "Seifert, Milan"]
[Black "Houser, Pavel"]
[Result "1-0"]
[WhiteElo "2265"]
[BlackElo "2340"]
[PlyCount "121"]
[EventDate "1995.??.??"]
[EventType "team"]
[EventRounds "11"]
[EventCountry "CZE"]
[SourceTitle "EXT 1997"]
[Source "ChessBase"]
[SourceDate "1996.11.15"]
[SourceVersion "1"]
[SourceVersionDate "1996.11.15"]
[SourceQuality "1"]

1. e4 e5 2. Nf3 Nc6 3. Bc4 d6 4. d3 Be7 5. c3 Nf6 6. h3 0-0 7. 0-0 Qe8 8. Bb3 Kh8 9. Re1 Ng8 10. d4 f6 11. Nbd2 g5 12. Nf1 Qg6 13. g4 h5 14. N3h2 hxg4 15. hxg4 Nd8 16. Re3 Nh6 17. Rh3 Re8 18. Ng3 Bf8 19. Nf5 Ne6 20. Bxe6 Bxe6 21. Nf1 Kg8 22. N1g3 Rad8 23. d5 Bc8 24. Be3 a6 25. Kg2 Rd7 26. Qf3 Rh7 27. Rah1 Bxf5 28. Nxf5 Bg7 29. c4 b6 30. b4 Rh8 31. c5 bxc5 32. bxc5 Nxf5 33. Rxh8+ Bxh8 34. gxf5 Qf7 35. Qe2 Ra8 36. Rb1 Bg7 37. cxd6 cxd6 38. Rb6 Bf8 39. f3 a5 40. a4 Rc8 41. Bf2 Rc7 42. Rb8 Qh5 43. Rb1 Rh7 44. Bg3 Qh3+ 45. Kf2 Rc7 46. Rg1 Rb7 47. Qc2 Rb4 48. Rb1 g4 49. Rxb4 axb4 50. fxg4 Qxg4 51. a5 b3 52. Qxb3 Qxe4 53. a6 Qd4+ 54. Kg2 Qe4+ 55. Qf3 Qa4 56. Qe2 Qa5 57. Qg4+ Bg7 58. Qc4 e4 59. Bf2 Kh7 60. a7 Bh6 61. Qxe4 1-0

[Event "Oberwart op"]
[Site "Oberwart"]
[Date "1995.??.??"]
[Round "1"]
[White "Seifert, Milan"]
[Black "Jukic, Mirko"]
[Result "0-1"]
[WhiteElo "2265"]
[BlackElo "2480"]
[PlyCount "44"]
[EventDate "1995.07.??"]
[EventType "swiss"]
[EventRounds "9"]
[EventCountry "AUT"]
[SourceTitle "EXT 2001"]
[Source "ChessBase"]
[SourceDate "2000.11.22"]
[SourceVersion "1"]
[SourceVersionDate "2000.11.22"]
[SourceQuality "1"]

1. e4 c5 2. Nf3 Nc6 3. d4 cxd4 4. Nxd4 Nf6 5. Nc3 e5 6. Ndb5 d6 7. Bg5 a6 8. Bxf6 gxf6 9. Na3 b5 10. Nd5 f5 11. Bd3 Be6 12. 0-0 Bxd5 13. exd5 Ne7 14. c4 Bg7 15. Rb1 e4 16. Be2 Ng6 17. cxb5 Qh4 18. g3 Qh3 19. Re1 Bd4 20. Bf1 Bxf2+ 21. Kxf2 Qxh2+ 22. Bg2 Ne5 0-1

[Event "CZE-chT 9394"]
[Site "Czech Republic"]
[Date "1994.01.23"]
[Round "6"]
[White "Seifert, Milan"]
[Black "Pribyl, Martin"]
[Result "1/2-1/2"]
[WhiteElo "2280"]
[BlackElo "2360"]
[PlyCount "91"]
[EventDate "1994.11.27"]
[EventType "team-tourn"]
[EventRounds "9"]
[EventCountry "CZE"]
[SourceTitle "EXT 2019"]
[Source "ChessBase"]
[SourceDate "2018.10.10"]
[SourceVersion "1"]
[SourceVersionDate "2018.10.10"]
[SourceQuality "1"]
[WhiteTeam "Hradec Kralove Slavia"]
[BlackTeam "Praha DP Tarok"]
[WhiteTeamCountry "CZE"]
[BlackTeamCountry "CZE"]

1. e4 d6 2. d4 Nf6 3. Nc3 c6 4. Nf3 Bg4 5. Be2 e6 6. Be3 Be7 7. 0-0 0-0 8. h3 Bh5 9. Ne1 Bxe2 10. Qxe2 d5 11. e5 Nfd7 12. Nd3 c5 13. Qg4 Kh8 14. Ne2 cxd4 15. Nxd4 Nc6 16. Nf3 Qc7 17. Rfe1 Ndxe5 18. Nfxe5 Nxe5 19. Nxe5 Qxe5 20. Bxa7 Qg5 21. Qxg5 Bxg5 22. Bd4 Ra4 23. c3 Rfa8 24. a3 Be7 25. f4 Bd6 26. f5 Re8 27. fxe6 fxe6 28. Re2 Kg8 29. Rae1 Ra6 30. g4 Bf4 31. Be5 Bxe5 32. Rxe5 Kf7 33. Kg2 Rb6 34. R1e2 h6 35. h4 Rc8 36. Rf2+ Ke7 37. Kg3 Rc4 38. Re3 g5 39. hxg5 hxg5 40. Re5 Rf4 41. Rh2 Kf6 42. Rxd5 Rxb2 43. Rh6+ Ke7 44. Rh7+ Kf6 45. Rh6+ Ke7 46. Rh7+ 1/2-1/2

[Event "Oberwart op"]
[Site "Oberwart"]
[Date "1994.??.??"]
[Round "3"]
[White "Wells, Peter K"]
[Black "Seifert, Milan"]
[Result "1-0"]
[WhiteElo "2490"]
[BlackElo "2280"]
[PlyCount "71"]
[EventDate "1994.07.??"]
[EventType "swiss"]
[EventRounds "9"]
[EventCountry "AUT"]
[SourceTitle "EXT 1998"]
[Source "ChessBase"]
[SourceDate "1997.11.17"]
[SourceVersion "1"]
[SourceVersionDate "1997.11.17"]
[SourceQuality "1"]

1. e4 g6 2. d4 Bg7 3. Nc3 d6 4. f4 Nc6 5. Bb5 a6 6. Bxc6+ bxc6 7. Nf3 Nf6 8. 0-0 0-0 9. h3 Rb8 10. Qe2 a5 11. Rb1 Rb6 12. Re1 Ba6 13. Qf2 e6 14. Bd2 Rb8 15. b3 Nd7 16. e5 d5 17. Na4 Bb5 18. Nc5 a4 19. Nxa4 Bxa4 20. bxa4 Rxb1 21. Rxb1 Qa8 22. a5 Rb8 23. Rb3 Bf8 24. f5 exf5 25. g4 Rxb3 26. axb3 c5 27. gxf5 cxd4 28. e6 fxe6 29. fxe6 Nc5 30. Ng5 Qe8 31. b4 Nxe6 32. Qe2 Ng7 33. Qxe8 Nxe8 34. a6 c6 35. Ne6 c5 36. a7 1-0

[Event "CZE-chT 9394"]
[Site "Czech Republic"]
[Date "1993.12.11"]
[Round "3"]
[White "Gross, David"]
[Black "Seifert, Milan"]
[Result "1-0"]
[WhiteElo "2270"]
[BlackElo "2275"]
[PlyCount "101"]
[EventDate "1994.11.27"]
[EventType "team-tourn"]
[EventRounds "9"]
[EventCountry "CZE"]
[SourceTitle "EXT 2019"]
[Source "ChessBase"]
[SourceDate "2018.10.10"]
[SourceVersion "1"]
[SourceVersionDate "2018.10.10"]
[SourceQuality "1"]
[WhiteTeam "Kolin SK Sokol"]
[BlackTeam "Hradec Kralove Slavia"]
[WhiteTeamCountry "CZE"]
[BlackTeamCountry "CZE"]

1. e4 g6 2. d4 Bg7 3. Nc3 d6 4. Be3 Nf6 5. Qd2 Ng4 6. Bg5 h6 7. Bh4 Nc6 8. f3 Nf6 9. 0-0-0 a6 10. f4 b5 11. d5 Na5 12. e5 Nh5 13. e6 0-0 14. g4 Nf6 15. g5 Nh5 16. f5 fxe6 17. gxh6 Be5 18. Nce2 Bxb2+ 19. Kb1 Rxf5 20. Qxa5 Bh8 21. Bh3 Rxd5 22. Rxd5 exd5 23. Qd2 c6 24. Qe3 Nf6 25. Be6+ Kh7 26. Nf3 Ne4 27. Qxe4 dxe4 28. Ng5+ Kxh6 29. Nf7+ Kh5 30. Nxd8 Kxh4 31. Rg1 Be5 32. Rxg6 Bxe6 33. Nxe6 Rh8 34. Ng3 d5 35. Nf5+ Kh3 36. Ne3 Bxh2 37. Ng5+ Kh4 38. Nf7 Rf8 39. Nf5+ Kh3 40. Ng5+ Kg4 41. Ne6+ Kxf5 42. Nxf8 Bf4 43. Rxc6 e5 44. Ne6 Bd2 45. c3 b4 46. cxb4 Bxb4 47. Kc2 d4 48. Kd1 d3 49. Rc4 Kxe6 50. Rxb4 e3 51. Re4 1-0

[Event "CZE-chT 9293"]
[Site "Czech Republic"]
[Date "1993.03.07"]
[Round "8"]
[White "Modr, Bretislav"]
[Black "Seifert, Milan"]
[Result "1/2-1/2"]
[WhiteElo "2305"]
[BlackElo "2275"]
[PlyCount "25"]
[EventDate "1992.11.28"]
[EventType "team-tourn"]
[EventRounds "9"]
[EventCountry "CZE"]
[SourceTitle "EXT 2019"]
[Source "ChessBase"]
[SourceDate "2018.10.10"]
[SourceVersion "1"]
[SourceVersionDate "2018.10.10"]
[SourceQuality "1"]
[WhiteTeam "Praha Bohemians"]
[BlackTeam "Hradec Kralove Slavia"]
[WhiteTeamCountry "CZE"]
[BlackTeamCountry "CZE"]

1. d4 g6 2. Nf3 Bg7 3. g3 d6 4. Bg2 Nf6 5. 0-0 0-0 6. c4 c6 7. Nc3 Bg4 8. h3 Bxf3 9. Bxf3 e5 10. dxe5 dxe5 11. Qxd8 Rxd8 12. Be3 Nbd7 13. Rfd1 1/2-1/2